| 000 | 00653nam a22001817a 4500 | ||
|---|---|---|---|
| 003 | BD-DhUL | ||
| 005 | 20170330155945.0 | ||
| 008 | 170330s2015 bg ||||| |||| 00| 0 b d | ||
| 020 | _a9789849178026 | ||
| 040 |
_aBD-DhUL _cBD-DhUL |
||
| 082 |
_a891.443 _bBAU |
||
| 100 | 1 | _aবন্দ্যোপাধ্যায়, তারাশঙ্কর | |
| 245 | 1 | 0 |
_a১৯৭১ / _cতারাশঙ্কর বন্দ্যোপাধ্যায় |
| 260 |
_aঢাকা : _bডেইলি স্টার, _c২০১৫. |
||
| 300 |
_a[৮], ১৬৩ পৃ. ; _c২২ সেমি. |
||
| 650 | 0 | _aBengali fiction | |
| 942 |
_2ddc _cBK |
||
| 999 |
_c170434 _d170434 |
||